Cuentos infantiles

Đã lưu trong:
Chi tiết về thư mục
Định dạng: Texto
Các nhãn: Thêm thẻ
Không có thẻ, Là người đầu tiên thẻ bản ghi này!

MARC

LEADER 00000 a a2200000 04500
001 45679
003
040
245 |a Cuentos infantiles  
773 |g número505 ( , 2012), 122 páginas  
999 |c 30878  |d 30878